00629nam a2200169Ia 450000500170000000800460001703700290006304000210009204100130011308400240012624500920015026000590024230000100030194200220031199900210033395201050035420250508155459.0008 250505s9999 xx 000 0 eng d aBooks to be hide in OPAC aFEDL bengcFEDL aeng2eng a378.5412, BIHqFEDL 0aReport of the Bihar education re-organisation committee on university, ETC., Education. aBihar, IndiabSuperintendent Government Printingc1941 a229p. cHBh378.5412, BIH c1357195d1357195 00104070aFEDLbFEDLd2025-05-08l0o378.5412, BIHpEL0042388r2025-05-08 15:54:59w2025-05-08yHB